| 000 | 00823nam a22001937a 4500 | ||
|---|---|---|---|
| 999 |
_c195009 _d195009 |
||
| 005 | 20230510105347.0 | ||
| 010 | _aB-747345-347 E.N.A./7.11.22 | ||
| 020 |
_a9789389740844 _c395.00 |
||
| 035 | _aB-747345-347 | ||
| 037 | _bNeelkamal Publications | ||
| 082 | _a305.231 | ||
| 100 | _aNaresh Kumar | ||
| 245 |
_aChildhood And Development Years/ _cNaresh Kumar |
||
| 260 |
_aNew Delhi _bNeelkamal Publications Pvt. Ltd _c2021 |
||
| 270 |
_a4761/1, 23, Ansari Road, Daryaganj _bNew Delhi _e110002 _mneelkamalbooks@gmail.com |
||
| 300 |
_a365p. _bIndex _c24cm(pbk) |
||
| 942 |
_2ddc _cEN _mNAR _h305.231 |
||